| 000 | 00729nam a2200229 a 4500 | ||
|---|---|---|---|
| 001 | 000012234 | ||
| 005 | 20200929162744.0 | ||
| 008 | 091106s1999 pr 001 f spa d | ||
| 020 | _a1563281449 | ||
| 040 |
_aDO-SdBNP _bspa _cBNPHU |
||
| 082 |
_aPR863.44 _bL864p |
||
| 100 | 1 |
_aLópez Ramírez, Tomás _928876 |
|
| 245 | 1 | 0 |
_aParaje de tránsito / _cTomás López Ramírez. |
| 260 |
_aMadrid : _bPlaza Mayor, _c1999. |
||
| 300 |
_a182 p. ; _c21 cm. |
||
| 490 | 1 |
_aBiblioteca de autores de Puerto Rico. _aNovela _v81 |
|
| 650 | 4 |
_aNovela puertorriqueña _91185 |
|
| 650 | 4 |
_aLiteratura puertorriqueña _ySIGLO XX _95311 |
|
| 830 | 0 |
_aBiblioteca de autores de Puerto Rico ; _pNovela. _v81 _921993 |
|
| 910 | _aWM | ||
| 049 | _aBNGR | ||
| 999 |
_c11893 _d11893 |
||